00320nam a2200133Ia 45000030006000000080041000060400015000471000018000622450058000802500010001382600009001485460012001570050017001690STCL150530s9999 xx 000 0 und d aSTCLcSTCL aRakesh Shukla aEqual pay for equqal work equal remuneration act 1976 aFirst c1991 aEnglish20220125165519.0